00705cam a22002051 4500001001300000003000400013005001700017008004100034010001700075035002000092040003500112050001600147100002000163245003900183260004500222300003300267500015900300650002500459999001500484af 47001203 DLC20260227110807.0970416s1943 sz f 000 0 ger c aaf 47001203  a(OCoLC)36747863 aHarvard univ. LibrarycNNdDLC00aG463b.M2251 aMaeder, Julius.14aDer weg als ziel;beine weltfahrt. aZürich-Zollikon,bE.A. Hofmannc[1943] a442 p. incl. plates.c18 cm. a"Das vorliegende buch ... ist die zusammenfassung von tagebuchblättern, die auf meinen reisen zwischen den beiden weltkriegen entstanden sind."--p. [9]. 0aVoyages and travels. c1154d1154